Нефть и газ Тюмени в документах: сборник; Том 3. 1971-1975

গ্রন্থ-পঞ্জীর বিবরন
অন্যান্য লেখক: Клепиков В. Н. (редактор), Никифорова М. М., Радченко Н. Д., Смородинсков Д. А.
ভাষা:রুশ
প্রকাশিত: Свердловск, Средне-Уральское книжное изд-во, 1979
মালা:Открытие века
বিষয়গুলি:
বিন্যাস: MixedMaterials গ্রন্থ
KOHA link:https://koha.lib.tpu.ru/cgi-bin/koha/opac-detail.pl?biblionumber=92759

MARC

LEADER 00000nam0a2200000 4500
001 92759
005 20231031104831.0
020 |a RU 
035 |a (RuTPU)RU\TPU\book\99364 
035 |a RU\TPU\book\94166 
090 |a 92759 
100 |a 20060317d1979 m a0rusy5003 ca 
101 0 |a rus 
102 |a RU 
105 |a y n 000zy 
200 1 |a Нефть и газ Тюмени в документах  |e сборник  |f сост. В. Н. Клепиков и др.  |g отв. ред. Д. А. Смородинсков  |h Том 3. 1971-1975 
210 |a Свердловск  |c Средне-Уральское книжное изд-во  |d 1979 
215 |d 22 см  |a 288 с. 
225 1 |a Открытие века 
320 |a Библиогр.: с. 278-284. 
320 |a Географический указатель: с. 281-284. 
610 1 |a нефть 
610 1 |a газ 
610 1 |a Тюмень 
610 1 |a месторождения 
675 |a 553.98(с18)  |v 3  |z rus 
701 1 |a Клепиков  |b В. Н. 
701 1 |a Никифорова  |b М. М. 
701 1 |a Радченко  |b Н. Д. 
702 1 |a Смородинсков  |b Д. А.  |4 340 
801 0 |a RU  |b RuMRKP  |c 19950704  |g psbo 
801 1 |a RU  |b 63413507  |c 20051215  |g PSBO 
801 2 |a RU  |b 63413507  |c 20061010  |g PSBO 
942 |c BK